000 00308nam a2200145Ia 4500
008 191201s2006 xx 000 0 und d
082 _a658
_bSTM
100 _aStoner, Jamies
245 0 _aManagement
250 _a6th
260 _aN.Delhi
_bPHI
_c2006
300 _a630
650 _aMBA
942 _2ddc
_cBK
999 _c3172
_d3172